Fictional Characters by Origin - Statistics

General Stats
  • This quiz has been taken 22 times
  • The average score is 13 of 24
Answer Stats
Hint Extra Hint Answer % Correct
Romeo Montague Romeo and Juliet Italian
89%
Don Quixote Don Quixote Spanish
89%
Hercule Poirot Murder on the Orient Express Belgian
83%
Hans Gruber Die Hard German
83%
Odysseus Homer’s Odyssey Greek
83%
Juliet Capulet Romeo and Juliet Italian
83%
MacBeth The Tragedy of MacBeth Scottish
78%
Zorro All-Story Weekly Spanish
72%
Hamlet Hamlet Danish
67%
Gilgamesh Epic of Gilgamesh Mesopotamian
67%
Rubeus Hagrid Harry Potter English
61%
Keyser Söze Usual Suspects Turkish
61%
Captain Ahab Moby Dick American
50%
Wolverine Marvel Comics Canadian
50%
Dr. Jekyll Strange Case of Dr. Jekyll and Mr. Hyde English
44%
Colossus Marvel Comics Russian
44%
Professor McGonagall Harry Potter Scottish
33%
Storm Marvel Comics Kenyan
28%
Othello Othello North African
28%
Abraham van Helsing Dracula Dutch
22%
Dr. Frankenstein Frankenstein Swiss
22%
Augustus Gloop Charlie and the Chocolate Factory German
17%
Captain Nemo Twenty Thousand Leagues Under the Sea Indian
17%
Professor Moriarty Sherlock Holmes Irish
6%
No matching quizzes found
Score Distribution
Percent of People with Each Score
Percentile by Number Answered
Your Score History
You have not taken this quiz